000 00220 a2200097 4500
001 39975
100 _aKhana D R
245 _aCollege Practical Physics
260 _aNew Dehli
_bR Chand & Co.
_c
090 _c24964
_d24964
942 _aNUST-CAE
_cM
_c16629
999 _c275048
_d275048